Creative Industries Today: USA vs. EU

Kreatívny priemysel v EÚ a USA - teoretické koncepčné pochopenie kreatívneho priemyslu, ako aj jeho hospodársky význam. Makroekonomická situácia a rozvoj kreatívneho priemyslu v posledných rokoch v USA a v EÚ.

Enregistré dans:
Détails bibliographiques
Auteur principal: Baculáková, Kristína, 1988-
Format: Chapitre de livre
Langue:anglais
Sujets:
Tags: Ajouter un tag
Pas de tags, Soyez le premier à ajouter un tag!

MARC

LEADER 00000nla a2200000 4500
001 0213331
005 20240502073544.1
041 0 |a eng 
044 |a SK 
245 1 0 |a Creative Industries Today: USA vs. EU  |c Kristína Baculáková 
520 |a Kreatívny priemysel v EÚ a USA - teoretické koncepčné pochopenie kreatívneho priemyslu, ako aj jeho hospodársky význam. Makroekonomická situácia a rozvoj kreatívneho priemyslu v posledných rokoch v USA a v EÚ. 
610 2 0 |a USA 
610 2 0 |a Európska únia 
610 2 0 |a priemysel kreatívny 
610 2 0 |a kapitál priemyselný 
610 2 0 |a kreativita 
610 2 0 |a ekonomika kreatívna 
610 2 0 |a porovnanie medzinárodné 
100 1 |a Baculáková, Kristína, 1988-